Direction of Trade Statistics, September 2014.

The Direction of Trade Statistics Online service provides data on the value of merchandise exports and imports between each country and all its trading partners. The database includes: total bilateral and multilateral exports and imports aggregated at national or regional group level; data from 1948...

Ful tanımlama

Detaylı Bibliyografya
Müşterek Yazar: International Monetary Fund. Statistics Dept
Materyal Türü: Dergi
Dil:English
Baskı/Yayın Bilgisi: Washington, D.C. : International Monetary Fund, 2014.
Seri Bilgileri:Direction of Trade Statistics; Direction of Trade Statistics ; No. 2014/003
Online Erişim:Full text available on IMF
LEADER 01440cas a2200241 a 4500
001 AALejournalIMF014151
008 230101c9999 xx r poo 0 0eng d
020 |c 50.00 USD 
020 |z 9781484368572 
022 |a 0252-306X 
040 |a BD-DhAAL  |c BD-DhAAL 
110 2 |a International Monetary Fund.  |b Statistics Dept. 
245 1 0 |a Direction of Trade Statistics, September 2014. 
264 1 |a Washington, D.C. :  |b International Monetary Fund,  |c 2014. 
300 |a 1 online resource (470 pages) 
490 1 |a Direction of Trade Statistics 
500 |a <strong>Off-Campus Access:</strong> No User ID or Password Required 
500 |a <strong>On-Campus Access:</strong> No User ID or Password Required 
506 |a Electronic access restricted to authorized BRAC University faculty, staff and students 
520 3 |a The Direction of Trade Statistics Online service provides data on the value of merchandise exports and imports between each country and all its trading partners. The database includes: total bilateral and multilateral exports and imports aggregated at national or regional group level; data from 1948 at monthly, quarterly, and annual frequencies. 
538 |a Mode of access: Internet 
830 0 |a Direction of Trade Statistics; Direction of Trade Statistics ;  |v No. 2014/003 
856 4 0 |z Full text available on IMF  |u http://elibrary.imf.org/view/books/042/21075-9781484368572-en/21075-9781484368572-en-book.xml  |z IMF e-Library